|
|
|
|
| LEADER |
01642njm a2200505 a 4500 |
| 001 |
000266272 |
| 003 |
CZ BrMZK |
| 005 |
19990101143423.0 |
| 008 |
950101s1995 xr f cze d |
| 028 |
0 |
3 |
|a 12 0015-2331
|b Surf
|
| 040 |
|
|
|a BOA001
|b cze
|
| 080 |
|
|
|a 784.4"199"(086.7)
|2 MRF
|
| 100 |
1 |
|
|a Kerndl, Laďa,
|d 1945-
|7 mzk2003190830
|4 prf
|
| 245 |
1 |
0 |
|a Jazzový dům
|h [zvukový záznam] /
|c Láďa Kerndl.
|
| 246 |
3 |
3 |
|a Stardust
|
| 246 |
3 |
3 |
|a Sweet Georgia Brown
|
| 246 |
3 |
3 |
|a Tenderly
|
| 246 |
3 |
3 |
|a Georgia, má Georgia
|
| 246 |
3 |
3 |
|a Jazzový dům
|
| 246 |
3 |
3 |
|a Jsi můj zázrak lásky, kterou jsem už vzdal
|
| 246 |
3 |
3 |
|a Když prší
|
| 246 |
3 |
3 |
|a Meditation
|
| 246 |
3 |
3 |
|a Místy
|
| 246 |
3 |
3 |
|a Nature boy
|
| 246 |
3 |
3 |
|a Nultá hodiny
|
| 246 |
3 |
3 |
|a Penízky z nebe
|
| 246 |
3 |
3 |
|a Pohodlný život
|
| 246 |
3 |
3 |
|a Poustevník
|
| 246 |
3 |
3 |
|a Půjdem spát
|
| 246 |
3 |
3 |
|a Rouha
|
| 260 |
|
|
|a Blansko :
|b Surf,
|c p1995
|
| 300 |
|
|
|a 1 CD :
|b DDD ;
|c 12 cm +
|e 1 list.
|
| 306 |
|
|
|a 010000
|
| 500 |
|
|
|a Durata 60:00
|
| 500 |
|
|
|a Nahr. neuv
|
| 505 |
2 |
|
|a Jazzový dům, Stardust, Touha ... [et al.]
|
| 511 |
0 |
|
|a Orchestr Gustava Broma; Soubor A. Juliny; Orchestr Studio Brno ... [et al.]
|
| 653 |
0 |
|
|a jazzová hudba
|a jazzové písně
|
| 710 |
2 |
|
|a Soubor A. Juliny (hudební skupina)
|4 prf
|
| 710 |
2 |
|
|a Orchestr Gustava Broma
|7 kn20010710268
|4 prf
|
| 710 |
2 |
|
|a Orchestr Studio Brno
|7 mzk2008451397
|4 prf
|
| 910 |
|
|
|a BOA001
|b CD-0007.164
|
| 964 |
|
|
|a Hudba jazzová
|z stol.20.,léta 90.
|x CD
|
| 990 |
|
|
|a AV
|
| 996 |
6 |
|
|b 261H007655
|c CD-0007.164
|l MZK
|r Sklad / do 24 hodin
|n 0
|p p.v.
|w 000266272
|u 000010
|a 1
|e BOA001
|j MZK50
|s P
|